000 00493cam a2200157 4500
020 _a0213994542
082 0 0 _a959.5704
_bMIL
_cL-30-II, P-31.
100 1 _aMiller, Harry,
_949076
245 1 0 _aJungle war in Malaya:
_bthe campaign against Communism, 1948-60.
260 _aLondon,
_bBarker,
_c1972.
300 _a220, [8] p.
_billus., maps, ports.
_c23 cm.
526 _a0
_b0
_c0
_d959_570400000000000_MIL
526 _a0
_b0
_c0
_d959_570400000000000_MIL
650 _aMCE
_9379
942 _2ddc
_cBK
999 _c551912
_d551912